[Event "DEM U10w 2019"]
[Site "Willingen GER"]
[Date "2019.06.09"]
[Round "2"]
[White "Kopylov, Diana"]
[Black "Sickmann, Lisa"]
[Result "0-1"]
[Termination "normal"]
[Board "13"]
[WhiteElo "922"]
[BlackElo "1418"]
[PlyCount "52"]
[WhiteFideId "16268865"]
[BlackFideId "16267818"]
[EventCountry "GER"]
[EventRounds "11"]
[EventType "swiss"]
[EventDate "2019.06.08"]

1. e4 e5 2. Nf3 Nc6 3. Bc4 Bc5 4. O-O d6 5. h3 Nf6 6. Nc3 O-O 7. d3 h6 8. Be3
Bxe3 9. fxe3 Na5 10. Bb3 Nxb3 11. axb3 Be6 12. Nh4 Nxe4 13. Qh5 Ng3 14. Qf3
Nxf1 15. Rxf1 Qxh4 16. Qxb7 Qe7 17. Nb5 Rab8 18. Qc6 Rb6 19. Qc3 Rxb5 20. d4
Qg5 21. Qxc7 Qxe3+ 22. Kh1 Bxh3 23. gxh3 Qxh3+ 24. Kg1 exd4 25. Qxd6 Rg5+ 26.
Kf2 Qe3# 0-1

[Event "DEM U10w 2019"]
[Site "Willingen GER"]
[Date "2019.06.09"]
[Round "2"]
[White "Neininger, Sarah"]
[Black "Moldovan, Tatiana"]
[Result "0-1"]
[Termination "normal"]
[Board "14"]
[WhiteElo "920"]
[BlackElo "1269"]
[PlyCount "96"]
[WhiteFideId "16287410"]
[BlackFideId "16287398"]
[EventCountry "GER"]
[EventRounds "11"]
[EventType "swiss"]
[EventDate "2019.06.08"]

1. e4 c5 2. c3 e6 3. Nf3 Nc6 4. d4 d5 5. exd5 exd5 6. Bf4 a6 7. Bd3 Bg4 8. h3
Bh5 9. O-O cxd4 10. cxd4 Nxd4 11. Be2 Nxe2+ 12. Qxe2+ Be7 13. Qe3 Nf6 14. Nd4
Kf8 15. Nc3 h6 16. Rfe1 Bc5 17. a3 Qe8 18. Qd3 Qd7 19. b4 Bxd4 20. Qxd4 Qc6 21.
Rac1 Rd8 22. Ne4 dxe4 23. Qxd8+ Qe8 24. Qxe8+ Nxe8 25. Rxe4 f5 26. Re6 Bf7 27.
Re3 g5 28. Be5 Rh7 29. g4 Bg6 30. gxf5 Bxf5 31. Rf3 Rf7 32. Rc5 Kg8 33. Bd4 Nd6
34. Kf1 h5 35. Ke2 g4 36. hxg4 Bxg4 37. Rcc3 Re7+ 38. Kd2 Ne4+ 39. Kc2 Nxc3 40.
Rxc3 h4 41. Bc5 Rh7 42. Rd3 Bf5 43. Kd2 Bxd3 44. Kxd3 h3 45. Be3 h2 46. Bf4
h1=Q 47. Be3 Rd7+ 48. Ke2 Qd1# 0-1

[Event "DEM U10w 2019"]
[Site "Willingen GER"]
[Date "2019.06.09"]
[Round "2"]
[White "Bauer, Laura Sophie"]
[Black "Matthes, Aimee"]
[Result "1-0"]
[Termination "normal"]
[Board "15"]
[WhiteElo "1356"]
[BlackElo "918"]
[PlyCount "75"]
[WhiteFideId "16253647"]
[BlackFideId "16287371"]
[EventCountry "GER"]
[EventRounds "11"]
[EventType "swiss"]
[EventDate "2019.06.08"]

1. e4 e5 2. Nf3 Nc6 3. Bb5 a6 4. Ba4 Bc5 5. c3 d5 6. d4 Bb6 7. Nbd2 Nf6 8. dxe5
Ng4 9. O-O O-O 10. h3 Nh6 11. Bc2 Qd7 12. Re1 Qe6 13. Nf1 Qg6 14. Ng3 Rd8 15.
exd5 f5 16. exf6 Qxf6 17. Qd3 g6 18. Bxh6 Na5 19. Bg5 Qf7 20. Bxd8 Bd7 21. Bg5
Bb5 22. Qd2 Nc4 23. Qc1 Ne5 24. Nxe5 Qxf2+ 25. Kh2 c5 26. c4 Re8 27. cxb5 Bc7
28. Rf1 Qd4 29. Nf3 Qxd5 30. Bb3 Bxg3+ 31. Kxg3 c4 32. Bxc4 Qxc4 33. Qxc4+ Kg7
34. Qc7+ Kg8 35. Rfe1 Rf8 36. Bh6 Rf7 37. Re8+ Rf8 38. Rxf8# 1-0

[Event "DEM U10w 2019"]
[Site "Willingen GER"]
[Date "2019.06.09"]
[Round "2"]
[White "Orlova, Anna-Daria"]
[Black "Helber, Anna"]
[Result "0-1"]
[Termination "normal"]
[Board "16"]
[WhiteElo "1095"]
[BlackElo "896"]
[PlyCount "122"]
[WhiteFideId "16275381"]
[BlackFideId "16287290"]
[EventCountry "GER"]
[EventRounds "11"]
[EventType "swiss"]
[EventDate "2019.06.08"]

1. e4 e5 2. Nf3 Nc6 3. Bc4 Bc5 4. Nc3 Nf6 5. d3 d6 6. h3 Be6 7. Bb3 Qd7 8. Be3
Bxe3 9. fxe3 O-O-O 10. Bd5 Nh5 11. Nd2 g6 12. Qf3 Nb4 13. O-O-O Rhf8 14. a3 Nc6
15. g4 Ng7 16. Nc4 h5 17. Rhg1 Rh8 18. d4 Rdf8 19. dxe5 dxe5 20. Nxe5 Nxe5 21.
Bxb7+ Kxb7 22. Rxd7 Nxf3 23. Rgd1 Bxd7 24. Rxd7 Ng1 25. b4 Ne6 26. Nd5 Nxh3 27.
b5 f5 28. a4 fxg4 29. a5 Rf1+ 30. Kb2 Kc8 31. Re7 g3 32. b6 axb6 33. a6 Nc5 34.
Rxc7+ Kd8 35. a7 Na4+ 36. Kb3 Nc5+ 37. Kc4 Ra1 38. Nxb6 g2 39. a8=Q+ Rxa8 40.
Nxa8 g1=Q 41. Kxc5 Qxe3+ 42. Kd6 Qxe4 43. Nb6 Qf5 44. Rb7 Qf6+ 45. Kc5 g5 46.
Rd7+ Ke8 47. Rd6 Qxd6+ 48. Kxd6 g4 49. c4 g3 50. c5 g2 51. c6 g1=Q 52. Nd7 Qg6+
53. Kc7 Ke7 54. Ne5 Qd6+ 55. Kb6 Qxe5 56. c7 Kd7 57. Kb7 Qxc7+ 58. Ka6 Ra8+ 59.
Kb5 Rb8+ 60. Ka6 Qb7+ 61. Ka5 Qa7# 0-1

[Event "DEM U10w 2019"]
[Site "Willingen GER"]
[Date "2019.06.09"]
[Round "2"]
[White "Müller, Riyanna"]
[Black "Hoffmann, Svenja"]
[Result "0-1"]
[Termination "normal"]
[Board "17"]
[WhiteElo "918"]
[BlackElo "1072"]
[PlyCount "74"]
[WhiteFideId "16287401"]
[BlackFideId "16287312"]
[EventCountry "GER"]
[EventRounds "11"]
[EventType "swiss"]
[EventDate "2019.06.08"]

1. e4 e5 2. Nf3 Nc6 3. Bc4 Bc5 4. Nc3 Nf6 5. d3 d6 6. Be3 Bb6 7. Qe2 Be6 8.
Bxb6 axb6 9. Bxe6 fxe6 10. a3 O-O 11. O-O-O Nd4 12. Qe3 c5 13. Rhe1 Ng4 14. Qd2
Qd7 15. Nxd4 cxd4 16. Qg5 Nxf2 17. Rd2 dxc3 18. bxc3 Nxd3+ 19. Rxd3 Rxa3 20.
Kd2 Qd8 21. Qg4 b5 22. Ree3 Rf2+ 23. Ke1 Rxc2 24. Rg3 g6 25. Qxe6+ Kh8 26. Qf7
Qg8 27. Qf6+ Qg7 28. Qxd6 Ra1+ 29. Rd1 Rxd1+ 30. Qxd1 Ra2 31. Qb3 Ra1+ 32. Ke2
Qd7 33. Qb4 Qd1+ 34. Ke3 Qe1+ 35. Kf3 Qf1+ 36. Ke3 Re1+ 37. Kd2 Qe2# 0-1

[Event "DEM U10w 2019"]
[Site "Willingen GER"]
[Date "2019.06.09"]
[Round "2"]
[White "Niederdorfer, Mathilda"]
[Black "Janssen, Julika"]
[Result "1-0"]
[Termination "normal"]
[Board "19"]
[WhiteElo "1036"]
[BlackElo "839"]
[PlyCount "69"]
[WhiteFideId "16275845"]
[BlackFideId "16287339"]
[EventCountry "GER"]
[EventRounds "11"]
[EventType "swiss"]
[EventDate "2019.06.08"]

1. e4 e5 2. f4 Nc6 3. Nf3 d6 4. d4 exd4 5. Nxd4 Nf6 6. Nc3 Be7 7. Bb5 Bd7 8.
Be3 a6 9. Bc4 O-O 10. Qd2 b5 11. Bd3 b4 12. Nd5 Nxd5 13. exd5 Bf6 14. dxc6 Be6
15. O-O Rb8 16. Bxa6 Bg4 17. Be2 Bxe2 18. Qxe2 Re8 19. Rae1 Bxd4 20. Qd2 Bxb2
21. Bd4 Bxd4+ 22. Qxd4 Rxe1 23. Rxe1 Rb5 24. Qe4 Kf8 25. Qxh7 f6 26. Qh8+ Kf7
27. Qxd8 Rc5 28. Qxc7+ Kg6 29. Re2 Rd5 30. Rf2 Rd1+ 31. Rf1 Rxf1+ 32. Kxf1 Kf5
33. Qd7+ Kxf4 34. c7 g5 35. c8=Q 1-0

[Event "DEM U10w 2019"]
[Site "Willingen GER"]
[Date "2019.06.09"]
[Round "2"]
[White "Engeln, Helene"]
[Black "Krasikova, Milana"]
[Result "0-1"]
[Termination "normal"]
[Board "20"]
[WhiteElo "825"]
[BlackElo "1023"]
[PlyCount "62"]
[WhiteFideId "16287274"]
[BlackFideId "16287347"]
[EventCountry "GER"]
[EventRounds "11"]
[EventType "swiss"]
[EventDate "2019.06.08"]

1. e4 e5 2. Nf3 Nc6 3. Bc4 Nf6 4. d3 Bc5 5. c3 d6 6. d4 Bb6 7. Ng5 d5 8. Be2
dxe4 9. Bh5 g6 10. Be2 exd4 11. Bc4 Rf8 12. Qb3 Qd7 13. Bxf7+ Rxf7 14. Nxf7
Qxf7 15. Qxf7+ Kxf7 16. O-O Bf5 17. Bf4 e3 18. Na3 exf2+ 19. Rxf2 dxc3 20. bxc3
Bxf2+ 21. Kxf2 Ne4+ 22. Kf3 Nxc3 23. Nc4 Be4+ 24. Kg3 Ne2+ 25. Kg4 Nxf4 26.
Kxf4 Bxg2 27. Rd1 Rd8 28. Rg1 Bd5 29. Nb2 Bxa2 30. Rf1 Kg7 31. Na4 Rf8+ 0-1

[Event "DEM U10w 2019"]
[Site "Willingen GER"]
[Date "2019.06.09"]
[Round "2"]
[White "Marrufo, Emilia"]
[Black "Tran, Hanna Emilie Mai Hoa"]
[Result "1-0"]
[Termination "normal"]
[Board "21"]
[WhiteElo "753"]
[BlackElo "1010"]
[PlyCount "71"]
[WhiteFideId "16287363"]
[BlackFideId "16267869"]
[EventCountry "GER"]
[EventRounds "11"]
[EventType "swiss"]
[EventDate "2019.06.08"]

1. d4 d5 2. e3 Nc6 3. c3 Bf5 4. Nd2 e6 5. Bb5 Nge7 6. f4 Qd7 7. Ngf3 f6 8. O-O
O-O-O 9. b4 Qd6 10. Nh4 Ng6 11. Ba4 a6 12. Nxf5 exf5 13. Ba3 Na7 14. Qb3 b5 15.
Bxb5 Nxb5 16. Qa4 Nxc3 17. Qb3 Ne4 18. Nxe4 fxe4 19. Rab1 c6 20. g3 Be7 21.
Rfc1 Kd7 22. b5 axb5 23. Bxd6 Bxd6 24. Qc3 Rc8 25. Qa5 Ra8 26. Qb6 Rhc8 27.
Qb7+ Ke8 28. Qxg7 Rc7 29. Qg8+ Nf8 30. f5 Rxa2 31. Ra1 Ra3 32. g4 Rxe3 33. g5
fxg5 34. Ra8+ Ke7 35. Qxf8+ Kd7 36. Qd8# 1-0

[Event "DEM U10w 2019"]
[Site "Willingen GER"]
[Date "2019.06.10"]
[Round "3"]
[White "Heutling, Sarah"]
[Black "Wartenberg, Alissa"]
[Result "0-1"]
[Termination "normal"]
[Board "2"]
[WhiteElo "1147"]
[BlackElo "1291"]
[WhiteClock "01:00:50"]
[BlackClock "01:13:52"]
[PlyCount "62"]
[WhiteFideId "16287304"]
[BlackFideId "16280741"]
[EventCountry "GER"]
[EventRounds "11"]
[EventType "swiss"]
[EventDate "2019.06.08"]

1. e4 {[%clk 1:15:59]} 1... e5 {[%clk 1:15:56]} 2. Nf3 {[%clk 1:16:23]} 2...
Nc6 {[%clk 1:16:20]} 3. Bc4 {[%clk 1:16:47]} 3... Nf6 {[%clk 1:16:44]} 4. Ng5 {
[%clk 1:17:10]} 4... d5 {[%clk 1:17:08]} 5. exd5 {[%clk 1:17:32]} 5... Na5 {
[%clk 1:17:19]} 6. Bb5+ {[%clk 1:17:53]} 6... c6 {[%clk 1:17:41]} 7. dxc6 {
[%clk 1:18:16]} 7... bxc6 {[%clk 1:18:05]} 8. Qf3 {[%clk 1:17:52]} 8... Be7 {
[%clk 1:18:27]} 9. Bd3 {[%clk 1:18:03]} 9... O-O {[%clk 1:16:47]} 10. Nc3 {
[%clk 1:18:11]} 10... h6 {[%clk 1:15:27]} 11. Nge4 {[%clk 1:18:18]} 11... Nxe4
{[%clk 1:15:35]} 12. Qxe4 {[%clk 1:18:34]} 12... f5 {[%clk 1:14:49]} 13. Qxe5 {
[%clk 1:17:32]} 13... Re8 {[%clk 1:14:47]} 14. O-O {[%clk 1:17:42]} 14... Bd6 {
[%clk 1:14:30]} 15. Qd4 {[%clk 1:16:54]} 15... Bxh2+ {[%clk 1:14:47]} 16. Kxh2
{[%clk 1:17:01]} 16... Qxd4 {[%clk 1:15:07]} 17. Ne2 {[%clk 1:16:11]} 17...
Qh4+ {[%clk 1:15:05]} 18. Kg1 {[%clk 1:16:28]} 18... f4 {[%clk 1:15:01]} 19. b4
{[%clk 1:13:58]} 19... f3 {[%clk 1:13:58]} 20. gxf3 {[%clk 1:11:58]} 20... Nb7
{[%clk 1:12:42]} 21. Ng3 {[%clk 1:10:23]} 21... Bh3 {[%clk 1:12:08]} 22. Rd1 {
[%clk 1:10:41]} 22... Qf6 {[%clk 1:12:16]} 23. Rb1 {[%clk 1:09:47]} 23... Qxf3
{[%clk 1:12:16]} 24. Bf1 {[%clk 1:07:24]} 24... Qxd1 {[%clk 1:12:34]} 25. c3 {
[%clk 1:02:43]} 25... Re1 {[%clk 1:12:36]} 26. Kh2 {[%clk 1:02:39]} 26... Bxf1
{[%clk 1:12:50]} 27. a3 {[%clk 1:01:00]} 27... Qf3 {[%clk 1:12:41]} 28. Nxf1 {
[%clk 1:00:50]} 28... Rxf1 {[%clk 1:13:05]} 29. Bb2 {[%clk 1:00:24]} 29... Rxb1
{[%clk 1:13:28]} 30. Bc1 {[%clk 1:00:37]} 30... Rxc1 {[%clk 1:13:52]} 31. c4 {
[%clk 1:00:50]} 31... Rh1# 0-1

[Event "DEM U10w 2019"]
[Site "Willingen GER"]
[Date "2019.06.10"]
[Round "3"]
[White "Halas, Neele Zoe"]
[Black "Glotz, Diana"]
[Result "0-1"]
[Termination "normal"]
[Board "3"]
[WhiteElo "1109"]
[BlackElo "1244"]
[WhiteClock "00:17:26"]
[BlackClock "00:49:49"]
[PlyCount "64"]
[WhiteFideId "16287282"]
[BlackFideId "16278500"]
[EventCountry "GER"]
[EventRounds "11"]
[EventType "swiss"]
[EventDate "2019.06.08"]

1. e4 {[%clk 1:15:57]} 1... e5 {[%clk 1:15:53]} 2. Nf3 {[%clk 1:16:23]} 2... d6
{[%clk 1:16:16]} 3. d4 {[%clk 1:15:13]} 3... Nd7 {[%clk 1:16:21]} 4. dxe5 {
[%clk 1:14:53]} 4... dxe5 {[%clk 1:16:37]} 5. Bc4 {[%clk 1:14:41]} 5... c6 {
[%clk 1:16:18]} 6. Nc3 {[%clk 1:12:20]} 6... Be7 {[%clk 1:15:02]} 7. Be3 {
[%clk 1:12:04]} 7... Ngf6 {[%clk 1:13:58]} 8. O-O {[%clk 1:08:15]} 8... O-O {
[%clk 1:13:14]} 9. Qd3 {[%clk 1:05:23]} 9... Qc7 {[%clk 1:12:06]} 10. Na4 {
[%clk 1:03:12]} 10... b5 {[%clk 1:11:50]} 11. Bxf7+ {[%clk 0:56:06]} 11... Rxf7
{[%clk 1:11:57]} 12. Nc3 {[%clk 0:55:03]} 12... Rf8 {[%clk 1:12:05]} 13. Ne2 {
[%clk 0:54:12]} 13... h6 {[%clk 1:09:56]} 14. Qb3+ {[%clk 0:52:30]} 14... Kh8 {
[%clk 1:09:43]} 15. Ng3 {[%clk 0:52:11]} 15... Rd8 {[%clk 1:07:43]} 16. Nf5 {
[%clk 0:51:00]} 16... Nc5 {[%clk 1:03:14]} 17. Qf7 {[%clk 0:49:20]} 17... Bxf5
{[%clk 0:59:40]} 18. Bxc5 {[%clk 0:47:34]} 18... Rd7 {[%clk 0:57:26]} 19. exf5
{[%clk 0:38:52]} 19... Bxc5 {[%clk 0:57:43]} 20. Qe6 {[%clk 0:35:51]} 20... Re8
{[%clk 0:56:16]} 21. Qb3 {[%clk 0:35:50]} 21... e4 {[%clk 0:55:10]} 22. Nh4 {
[%clk 0:30:06]} 22... Ng4 {[%clk 0:52:47]} 23. Ng6+ {[%clk 0:27:41]} 23... Kh7
{[%clk 0:52:19]} 24. Qg3 {[%clk 0:24:52]} 24... Qxg3 {[%clk 0:52:36]} 25. hxg3
{[%clk 0:25:04]} 25... Rd5 {[%clk 0:52:29]} 26. Nf4 {[%clk 0:24:33]} 26... Rxf5
{[%clk 0:51:41]} 27. b4 {[%clk 0:22:11]} 27... Bxb4 {[%clk 0:51:15]} 28. f3 {
[%clk 0:22:20]} 28... Bc5+ {[%clk 0:51:38]} 29. Kh1 {[%clk 0:21:58]} 29... Nf2+
{[%clk 0:50:04]} 30. Kh2 {[%clk 0:21:36]} 30... e3 {[%clk 0:49:50]} 31. Ne2 {
[%clk 0:18:29]} 31... Rh5+ {[%clk 0:49:49]} 32. Kg1 {[%clk 0:17:26]} 32... Rh1#
0-1

[Event "DEM U10w 2019"]
[Site "Willingen GER"]
[Date "2019.06.10"]
[Round "3"]
[White "Vöcking, Julia"]
[Black "Bakó, Isabella"]
[Result "1-0"]
[Termination "normal"]
[Board "4"]
[WhiteElo "812"]
[BlackElo "1215"]
[WhiteClock "01:13:13"]
[BlackClock "00:29:04"]
[PlyCount "61"]
[WhiteFideId "16287444"]
[BlackFideId "16287266"]
[EventCountry "GER"]
[EventRounds "11"]
[EventType "swiss"]
[EventDate "2019.06.08"]

1. e4 {[%clk 1:15:56]} 1... c5 {[%clk 1:15:53]} 2. Nf3 {[%clk 1:16:15]} 2... e6
{[%clk 1:16:03]} 3. d3 {[%clk 1:16:30]} 3... Nc6 {[%clk 1:15:50]} 4. Nbd2 {
[%clk 1:16:46]} 4... Qc7 {[%clk 1:15:25]} 5. g3 {[%clk 1:16:59]} 5... g6 {
[%clk 1:14:36]} 6. Bg2 {[%clk 1:17:09]} 6... Bg7 {[%clk 1:14:13]} 7. O-O {
[%clk 1:17:20]} 7... Nge7 {[%clk 1:14:07]} 8. Re1 {[%clk 1:17:11]} 8... a6 {
[%clk 1:13:00]} 9. Nc4 {[%clk 1:17:10]} 9... b5 {[%clk 1:12:23]} 10. Bf4 {
[%clk 1:16:58]} 10... e5 {[%clk 1:10:51]} 11. Bxe5 {[%clk 1:16:31]} 11... Nxe5
{[%clk 1:10:34]} 12. Ncxe5 {[%clk 1:16:38]} 12... Bxe5 {[%clk 1:10:32]} 13.
Nxe5 {[%clk 1:16:52]} 13... Qxe5 {[%clk 1:10:28]} 14. c3 {[%clk 1:17:03]} 14...
Rb8 {[%clk 1:09:42]} 15. d4 {[%clk 1:17:17]} 15... Qf6 {[%clk 1:08:29]} 16. e5
{[%clk 1:17:14]} 16... Qf5 {[%clk 1:08:25]} 17. Be4 {[%clk 1:17:29]} 17... Qh3
{[%clk 1:08:05]} 18. Bg2 {[%clk 1:17:39]} 18... Qh6 {[%clk 1:08:17]} 19. dxc5 {
[%clk 1:17:09]} 19... O-O {[%clk 1:07:25]} 20. Qd6 {[%clk 1:16:42]} 20... Nc6 {
[%clk 1:06:27]} 21. Bxc6 {[%clk 1:16:18]} 21... Bb7 {[%clk 1:05:01]} 22. Bxd7 {
[%clk 1:15:14]} 22... Rfd8 {[%clk 1:03:39]} 23. e6 {[%clk 1:14:55]} 23... Kg7 {
[%clk 0:48:10]} 24. c6 {[%clk 1:15:06]} 24... Bxc6 {[%clk 0:44:36]} 25. Qe5+ {
[%clk 1:14:36]} 25... f6 {[%clk 0:43:01]} 26. Qc7 {[%clk 1:13:42]} 26... Bxd7 {
[%clk 0:40:52]} 27. exd7 {[%clk 1:13:43]} 27... Kf8 {[%clk 0:37:48]} 28. Qd6+ {
[%clk 1:13:18]} 28... Kg8 {[%clk 0:36:41]} 29. Qe6+ {[%clk 1:13:13]} 29... Kg7
{[%clk 0:31:38]} 30. Qe8 30... g5 {[%clk 0:29:04]} 31. Re7# 1-0

[Event "DEM U10w 2019"]
[Site "Willingen GER"]
[Date "2019.06.10"]
[Round "3"]
[White "Bangiev, Katharina"]
[Black "Ezold, Johanna Sophie"]
[Result "1-0"]
[Termination "normal"]
[Board "5"]
[WhiteElo "1003"]
[BlackElo "1076"]
[WhiteClock "00:41:08"]
[BlackClock "00:07:40"]
[PlyCount "93"]
[WhiteFideId "16267230"]
[BlackFideId "16275411"]
[EventCountry "GER"]
[EventRounds "11"]
[EventType "swiss"]
[EventDate "2019.06.08"]

1. Nf3 {[%clk 1:15:54]} 1... Nf6 {[%clk 1:15:36]} 2. g3 {[%clk 1:16:14]} 2...
d5 {[%clk 1:15:14]} 3. Bg2 {[%clk 1:16:18]} 3... Nc6 {[%clk 1:15:20]} 4. O-O {
[%clk 1:16:25]} 4... e5 {[%clk 1:15:31]} 5. d3 {[%clk 1:16:29]} 5... h6 { [%clk
1:15:38]} 6. Nc3 {[%clk 1:16:21]} 6... Be6 {[%clk 1:15:49]} 7. e4 { [%clk
1:16:29]} 7... d4 {[%clk 1:15:34]} 8. Ne2 {[%clk 1:16:47]} 8... Bc5 { [%clk
1:15:18]} 9. c3 {[%clk 1:17:05]} 9... Qd6 {[%clk 1:13:14]} 10. cxd4 { [%clk
1:16:36]} 10... Nxd4 {[%clk 1:09:50]} 11. Nexd4 {[%clk 1:16:31]} 11... Bxd4
{[%clk 1:09:23]} 12. Nxd4 {[%clk 1:15:43]} 12... Qxd4 {[%clk 1:08:56]} 13. Qc2
{[%clk 1:15:28]} 13... c5 {[%clk 1:06:34]} 14. Be3 {[%clk 1:15:19]} 14... Qd7
{[%clk 1:04:10]} 15. Qxc5 {[%clk 1:15:08]} 15... Ng4 {[%clk 1:02:10]} 16. Rfd1
{[%clk 1:10:39]} 16... Rc8 {[%clk 0:58:59]} 17. Qxa7 {[%clk 1:08:43]} 17... O-O
{[%clk 0:58:26]} 18. Qb6 {[%clk 1:08:04]} 18... Rc6 {[%clk 0:55:27]} 19. Qb4
{[%clk 1:07:34]} 19... Rfc8 {[%clk 0:53:07]} 20. b3 {[%clk 1:02:09]} 20... R8c7
{[%clk 0:47:07]} 21. d4 {[%clk 1:00:53]} 21... Rd6 {[%clk 0:41:07]} 22. d5
{[%clk 0:59:21]} 22... Nxe3 {[%clk 0:40:35]} 23. fxe3 {[%clk 0:59:09]} 23...
Bg4 {[%clk 0:40:26]} 24. Rdc1 {[%clk 0:58:45]} 24... Rxc1+ { [%clk 0:39:49]}
25. Rxc1 {[%clk 0:58:52]} 25... Rf6 {[%clk 0:36:23]} 26. Rf1 { [%clk 0:56:54]}
26... Rg6 {[%clk 0:33:56]} 27. a4 {[%clk 0:56:22]} 27... Be2 { [%clk 0:32:46]}
28. Rf2 {[%clk 0:56:25]} 28... Ba6 {[%clk 0:32:14]} 29. Qa5 { [%clk 0:55:18]}
29... Qc8 {[%clk 0:31:16]} 30. Qd2 {[%clk 0:54:14]} 30... b5 { [%clk 0:29:10]}
31. Qb2 {[%clk 0:52:27]} 31... Rb6 {[%clk 0:24:50]} 32. a5 { [%clk 0:48:17]}
32... Rd6 {[%clk 0:24:08]} 33. Qxe5 {[%clk 0:47:00]} 33... Rg6 {[%clk 0:22:58]}
34. Qe7 {[%clk 0:46:18]} 34... f6 {[%clk 0:17:22]} 35. d6 { [%clk 0:44:41]}
35... Qf8 {[%clk 0:14:43]} 36. Qxf8+ {[%clk 0:43:16]} 36... Kxf8 {[%clk
0:14:37]} 37. Rd2 {[%clk 0:43:20]} 37... Ke8 {[%clk 0:14:52]} 38. Bh3 {[%clk
0:42:48]} 38... Kd8 {[%clk 0:15:00]} 39. d7 {[%clk 0:42:57]} 39... Rg5 {[%clk
0:14:56]} 40. Rd6 {[%clk 0:43:09]} 40... Re5 41. Rxa6 { [%clk 0:43:00]} 41...
Rc5 {[%clk 0:09:56]} 42. Ra8+ {[%clk 0:40:45]} 42... Ke7 43. d8=Q+ Kf7 44. Qd7+
44... Kg6 {[%clk 0:08:25]} 45. Bf5+ {[%clk 0:40:46]} 45... Kh5 46. Qf7+ 46...
g6 {[%clk 0:07:40]} 47. Qxg6# {[%clk 0:41:08]} 1-0

[Event "DEM U10w 2019"]
[Site "Willingen GER"]
[Date "2019.06.10"]
[Round "3"]
[White "Oellrich, Emma"]
[Black "Wehling, Ida"]
[Result "1-0"]
[Termination "normal"]
[Board "7"]
[WhiteElo "1484"]
[BlackElo "1093"]
[PlyCount "113"]
[WhiteFideId "16268806"]
[BlackFideId "16287452"]
[EventCountry "GER"]
[EventRounds "11"]
[EventType "swiss"]
[EventDate "2019.06.08"]

1. e4 e5 2. Nf3 Nc6 3. Bc4 Bc5 4. c3 Nf6 5. d4 exd4 6. e5 Ne4 7. cxd4 Bb6 8.
Bd5 f5 9. exf6 Nxf6 10. Bb3 d5 11. Bg5 Ba5+ 12. Nc3 Be6 13. O-O Qe7 14. Nxd5
Bxd5 15. Bxd5 Qd6 16. Bxc6+ Qxc6 17. Ne5 Qe6 18. Qa4+ c6 19. Qxa5 Qf5 20. Nxc6
Nd5 21. Rfe1+ Kf8 22. Qc5+ Kg8 23. Qxd5+ Qxd5 24. Ne7+ Kf7 25. Nxd5 h6 26. Be3
Rad8 27. Nc3 Kg6 28. d5 Rd6 29. Rad1 Kh7 30. Nb5 Rf6 31. d6 Rf5 32. Nc7 Rf7 33.
Rd2 Rd8 34. Red1 Rfd7 35. Ne6 Re8 36. Nc5 Rdd8 37. d7 Re7 38. Nxb7 Rb8 39. d8=Q
Rxd8 40. Nxd8 Re4 41. Rd4 Re5 42. Ra4 a5 43. Nc6 Rb5 44. b3 Rf5 45. Rxa5 Rf6
46. Rc5 Rg6 47. b4 Re6 48. b5 Re8 49. b6 Rf8 50. b7 Re8 51. b8=Q Rxb8 52. Nxb8
Kh8 53. Rd8+ Kh7 54. Rc7 h5 55. Bd4 Kh6 56. Rxg7 h4 57. Rh8# 1-0

[Event "DEM U10w 2019"]
[Site "Willingen GER"]
[Date "2019.06.10"]
[Round "3"]
[White "Hoffmann, Svenja"]
[Black "Pröttel, Ela"]
[Result "0-1"]
[Termination "normal"]
[Board "8"]
[WhiteElo "1072"]
[BlackElo "1333"]
[PlyCount "94"]
[WhiteFideId "16287312"]
[BlackFideId "44582749"]
[EventCountry "GER"]
[EventRounds "11"]
[EventType "swiss"]
[EventDate "2019.06.08"]

1. e4 d5 2. exd5 Qxd5 3. Nc3 Qa5 4. Bb5+ c6 5. Ba4 Nf6 6. d4 Bf5 7. Bf4 Nbd7 8.
Nf3 e6 9. O-O Bb4 10. Bb3 Bxc3 11. bxc3 Qxc3 12. Re1 Qa5 13. Bd6 Ne4 14. c4
Nxd6 15. d5 Qc7 16. c5 Ne4 17. dxe6 fxe6 18. Bxe6 Bxe6 19. Rxe4 Nxc5 20. Re3
O-O 21. Rc1 b6 22. Rxc5 bxc5 23. Rxe6 Rad8 24. Qe1 Rf7 25. Ng5 Re7 26. h3 Rde8
27. Qe4 g6 28. Qc4 Kf8 29. Nxh7+ Rxh7 30. Qxc5+ Rhe7 31. Rf6+ Kg8 32. Rxg6+ Rg7
33. Qc4+ Qf7 34. Rxg7+ Kxg7 35. Qxc6 Re1+ 36. Kh2 Qf4+ 37. g3 Qxf2+ 38. Qg2 Re2
39. Qxf2 Rxf2+ 40. Kg1 Rxa2 41. h4 Rb2 42. g4 a5 43. h5 Kh6 44. Kf1 a4 45. Ke1
a3 46. Kd1 a2 47. Kc1 a1=Q# 0-1

[Event "DEM U10w 2019"]
[Site "Willingen GER"]
[Date "2019.06.10"]
[Round "3"]
[White "Trunz, Tamila"]
[Black "Jannicke, Svea"]
[Result "1-0"]
[Termination "normal"]
[Board "9"]
[WhiteElo "1273"]
[BlackElo "1062"]
[PlyCount "119"]
[WhiteFideId "16267885"]
[BlackFideId "16287320"]
[EventCountry "GER"]
[EventRounds "11"]
[EventType "swiss"]
[EventDate "2019.06.08"]

1. e4 c5 2. Nc3 d6 3. Nf3 Nf6 4. g3 g6 5. Bg2 Bg7 6. O-O O-O 7. d3 Nbd7 8. Be3
b6 9. h3 Bb7 10. Qd2 Qc7 11. Bh6 d5 12. Bxg7 Kxg7 13. Rae1 e5 14. exd5 Nxd5 15.
Nxe5 Nxe5 16. Bxd5 Bxd5 17. Nxd5 Qd6 18. Qc3 Qxd5 19. Rxe5 Qd4 20. Qxd4 cxd4
21. Rd5 Rfd8 22. Rxd8 Rxd8 23. Re1 Rc8 24. Rc1 a5 25. Kg2 b5 26. c3 dxc3 27.
bxc3 b4 28. c4 a4 29. Rb1 Rb8 30. Kf3 b3 31. a3 b2 32. c5 Kf6 33. d4 Ke6 34.
Ke4 f5+ 35. Kd3 Kd5 36. Kc2 Kxd4 37. c6 Rc8 38. Rxb2 Rxc6+ 39. Kd2 Rc3 40. Rb4+
Rc4 41. Rb7 h5 42. Rg7 Rc6 43. f3 Ke5 44. Ra7 Rd6+ 45. Ke3 g5 46. Rxa4 Rb6 47.
f4+ gxf4+ 48. gxf4+ Kf6 49. Rb4 Rxb4 50. axb4 Ke6 51. Kd4 Kd6 52. b5 Kc7 53.
Kc5 Kb7 54. b6 Kb8 55. Kc6 h4 56. b7 Ka7 57. Kc7 Ka6 58. b8=Q Ka5 59. Qb3 Ka6
60. Qb6# 1-0

[Event "DEM U10w 2019"]
[Site "Willingen GER"]
[Date "2019.06.10"]
[Round "3"]
[White "Moldovan, Tatiana"]
[Black "Niederdorfer, Mathilda"]
[Result "1-0"]
[Termination "normal"]
[Board "10"]
[WhiteElo "1269"]
[BlackElo "1036"]
[PlyCount "91"]
[WhiteFideId "16287398"]
[BlackFideId "16275845"]
[EventCountry "GER"]
[EventRounds "11"]
[EventType "swiss"]
[EventDate "2019.06.08"]

1. e4 d5 2. exd5 Qxd5 3. Nc3 Qd6 4. Nf3 Bg4 5. h3 Bf5 6. Bc4 a6 7. d3 Nc6 8. a3
Nf6 9. Be3 e6 10. Qd2 Be7 11. Bf4 Qd8 12. O-O-O O-O 13. g4 Bg6 14. Rhe1 b5 15.
Ba2 b4 16. axb4 Nxb4 17. Bb3 a5 18. Na4 c5 19. Ne5 Nfd5 20. Nxg6 fxg6 21. Bxd5
Qxd5 22. b3 g5 23. Be5 Bd6 24. Qxg5 g6 25. Nb6 Na2+ 26. Kb2 Bxe5+ 27. Rxe5 Qd4+
28. Kxa2 Rab8 29. Nc4 Rxf2 30. Rd2 Rf1 31. Nb2 a4 32. Rxc5 a3 33. c3 axb2 34.
Kxb2 Qa4 35. b4 Qa1+ 36. Kb3 Rb1+ 37. Kc4 Rc1 38. Kd4 Rxb4+ 39. Ke5 Re1+ 40.
Kd6 Qa6+ 41. Rc6 Rb6 42. Qd8+ Kg7 43. Rxb6 Qa3+ 44. Rb4 Qxc3 45. Rb7+ Kh6 46.
Qh4# 1-0